| 000 | 00426nam a2200145Ia 4500 | ||
|---|---|---|---|
| 008 | 220217s9999||||xx |||||||||||||| ||und|| | ||
| 020 | _a9789332519084 | ||
| 082 | _a519 WAL | ||
| 100 |
_aWalpole, Ronald E and et al. _99644 |
||
| 245 | 0 | _aProbability and statistics for engineers and scientists | |
| 250 | _a9 | ||
| 260 |
_aPearson education of asia _bNew Delhi _c2016 |
||
| 300 |
_a856p. _b939 |
||
| 650 | _aMATHEMATICS | ||
| 999 |
_c187137 _d187137 |
||